| 000 | 00428cam a2200181 4500 | ||
|---|---|---|---|
| 001 | D857 | ||
| 008 | 090401t1982 xxu||||| |||| 00| 0 eng d | ||
| 035 | _a(Sirsi) u48506 | ||
| 041 | _aeng | ||
| 050 | _a346.4104342 | ||
| 100 | _aAldridge, Trevor M. | ||
| 245 | 4 | _aThe law of flats. | |
| 260 |
_aLondon _bOyez/Longman Publishing _c1982 |
||
| 300 | _axxii. 208p. 23cm | ||
| 350 | _a14.95 | ||
| 942 | _n0 | ||
| 948 | _c04/03/1997 | ||
| 999 |
_c92351 _d92351 |
||